[Event "6. Bayer Open"]
[Site "Leverkusen"]
[Date "2009.04.20"]
[Round "7"]
[White "Bigott, Martin"]
[Black "Angermünde, Dirk"]
[Result "1/2-1/2"]
[WhiteElo "1683"]
[BlackElo "1966"]
[PlyCount "25"]
[EventDate "2009.??.??"]
[SourceDate "2009.01.13"]

1. d4 e6 2. Nf3 f5 3. Bf4 Nf6 4. e3 b6 5. Nbd2 Bb7 6. Bd3 Be7 7. c3 O-O 8. h3
d5 9. Ne5 Nbd7 10. Qe2 Nxe5 11. Bxe5 Ne4 12. Nxe4 dxe4 13. Ba6 1/2-1/2

[Event "6. Bayer Open"]
[Site "Leverkusen"]
[Date "2009.04.20"]
[Round "7"]
[White "Pützkaul, Karl"]
[Black "Wirtz, Uwe"]
[Result "0-1"]
[WhiteElo "1821"]
[BlackElo "1773"]
[PlyCount "66"]
[EventDate "2009.??.??"]
[SourceDate "2009.01.13"]

1. d4 d5 2. Nf3 Nf6 3. c4 e6 4. Nc3 c5 5. cxd5 cxd4 6. Nxd4 Nxd5 7. Nxd5 Qxd5
8. e3 Bd7 9. Bd2 Be7 10. Be2 e5 11. Bf3 e4 12. Bg4 O-O 13. O-O Qg5 14. Bxd7
Nxd7 15. f4 Qd5 16. Bc3 Nf6 17. h3 Rfd8 18. Qe2 Rac8 19. Kh2 Qc4 20. Qf2 Qd5
21. g4 Bc5 22. Nf5 Qe6 23. Nxg7 Kxg7 24. g5 Be7 25. gxf6+ Bxf6 26. Rg1+ Kh8 27.
Bxf6+ Qxf6 28. Rad1 Rd3 29. Rxd3 exd3 30. Rd1 Rc2 31. Rd2 Qxb2 32. Rxc2 dxc2
33. Qh4 c1=Q+ 0-1

[Event "6. Bayer Open"]
[Site "Leverkusen"]
[Date "2009.04.20"]
[Round "7"]
[White "Schmitz, Andreas"]
[Black "Arnold, Bodo"]
[Result "1/2-1/2"]
[WhiteElo "1892"]
[BlackElo "1705"]
[PlyCount "44"]
[EventDate "2009.??.??"]
[SourceDate "2009.01.13"]

1. Nf3 Nf6 2. c4 c5 3. e3 b6 4. Be2 Bb7 5. O-O e6 6. b3 Be7 7. Bb2 d6 8. d4 O-O
9. Qc2 Nbd7 10. Nbd2 Qc7 11. Rad1 cxd4 12. Nxd4 d5 13. Qb1 a6 14. cxd5 Bxd5 15.
Rc1 Qb7 16. Bf3 Bxf3 17. N2xf3 Rfc8 18. Rxc8+ Rxc8 19. Rc1 h6 20. h3 Nd5 21.
Rxc8+ Qxc8 22. Qc2 Qxc2 1/2-1/2

[Event "6. Bayer Open"]
[Site "Leverkusen"]
[Date "2009.04.20"]
[Round "7"]
[White "Domnick, Michael"]
[Black "Friedsam, Manfred"]
[Result "1/2-1/2"]
[WhiteElo "1740"]
[BlackElo "1850"]
[PlyCount "52"]
[EventDate "2009.??.??"]
[SourceDate "2009.01.13"]

1. e4 c5 2. f4 e6 3. Nf3 Nc6 4. b3 d6 5. Bb2 Nf6 6. d3 g6 7. Nbd2 Bg7 8. h3 Bd7
9. g3 Qe7 10. Bg2 e5 11. fxe5 dxe5 12. g4 {Weiß bietet Remis an.} O-O 13. Nc4
Ne8 14. a4 Nd4 15. Nxd4 Qh4+ 16. Ke2 exd4 17. Qe1 Qe7 18. Qg3 Be6 19. Nd2 Be5
20. Qf2 f5 21. gxf5 Bxf5 22. Bf3 Bf4 23. Rhf1 Nd6 24. Kd1 Bd7 25. Qg2 Rac8 26.
Bg4 a6 1/2-1/2

[Event "6. Bayer Open"]
[Site "Leverkusen"]
[Date "2009.04.20"]
[Round "7"]
[White "Birnkott, Manfred"]
[Black "van Kempen, Heinz"]
[Result "0-1"]
[WhiteElo "1906"]
[BlackElo "1707"]
[PlyCount "78"]
[EventDate "2009.??.??"]
[SourceDate "2009.01.13"]

1. e4 c5 2. Nf3 Nc6 3. d4 cxd4 4. Nxd4 Nf6 5. Nc3 e5 6. Ndb5 d6 7. Nd5 Nxd5 8.
exd5 Nb8 9. c4 a6 10. Nc3 f5 11. Bd3 Be7 12. Qh5+ g6 13. Qe2 Nd7 14. Bxf5 Nf6
15. Bd3 O-O 16. Bd2 Nh5 17. g3 Bg5 18. Bxg5 Qxg5 19. Ne4 Qd8 20. h4 Ng7 21. Nc3
Nf5 22. Bxf5 Bxf5 23. g4 Bc8 24. Ne4 Qa5+ 25. Nc3 Rf4 26. f3 Qc5 27. Ne4 Qb4+
28. Qd2 Qb6 29. Qe2 Qb4+ 30. Kd1 b5 31. Rc1 Bd7 32. b3 Rc8 33. Rh3 bxc4 34.
Rxc4 Rxc4 35. bxc4 Ba4+ 36. Kc1 Rf8 37. f4 Rb8 38. Nc3 Qa3+ 39. Kd2 Rb2+ 0-1

[Event "6. Bayer Open"]
[Site "Leverkusen"]
[Date "2009.04.20"]
[Round "7"]
[White "Ziabari, Morteza"]
[Black "Skiber, Friedel"]
[Result "1-0"]
[WhiteElo "1840"]
[BlackElo "1564"]
[PlyCount "103"]
[EventDate "2009.??.??"]
[SourceDate "2009.01.13"]

1. e4 d6 2. d4 Nf6 3. Nc3 g6 4. f4 Bg7 5. Nf3 O-O 6. Bd3 Nc6 7. O-O Bg4 8. Be3
e5 9. fxe5 dxe5 10. d5 Nd4 11. Be2 Bxf3 12. Bxf3 Nd7 13. Bxd4 exd4 14. Ne2 c5
15. dxc6 bxc6 16. Nxd4 Qb6 17. c3 Ne5 18. Rf2 Rad8 19. Qb3 Qc7 20. Rd1 Bh6 21.
Re2 c5 22. Nb5 Rxd1+ 23. Qxd1 Qb6 24. a4 Rd8 25. Qf1 a6 26. Na3 Nd3 27. Nc4 Qb3
28. Ne3 Nxb2 29. Nd5 Nxa4 30. Qe1 Nb6 31. Qh4 Rxd5 32. exd5 Kg7 33. Qe4 Nc4 34.
Qc2 Qb6 35. Qa2 Qb5 36. g3 Bg5 37. h4 Bf6 38. Re4 Ne5 39. Be2 c4 40. Bxc4 Qc5+
41. Kg2 a5 42. Qf2 Qc7 43. Qa2 Qc5 44. Qe2 Qc7 45. g4 Nxc4 46. Qxc4 Qb8 47. g5
Be5 48. Qd3 Qc8 49. c4 a4 50. c5 Bb2 51. d6 Qd7 52. c6 1-0

[Event "6. Bayer Open"]
[Site "Leverkusen"]
[Date "2009.04.20"]
[Round "7"]
[White "Wieland, Ingo"]
[Black "Sockel, Karl-Heinz"]
[Result "1/2-1/2"]
[WhiteElo "1725"]
[BlackElo "1932"]
[PlyCount "30"]
[EventDate "2009.??.??"]
[SourceDate "2009.01.13"]

1. e4 d5 2. exd5 Qxd5 3. Nc3 Qa5 4. d4 Nf6 5. Bc4 c6 6. Bd2 Bf5 7. Nf3 e6 8.
Nd5 Qd8 9. Nxf6+ gxf6 10. c3 Nd7 11. Nh4 Bg6 12. Qf3 Qc7 13. O-O Bd6 14. g3
O-O-O 15. b4 f5 1/2-1/2

[Event "6. Bayer Open"]
[Site "Leverkusen"]
[Date "2009.04.20"]
[Round "7"]
[White "Blomeyer, Peter"]
[Black "Kolleck, Wolf-Dietrich"]
[Result "1-0"]
[WhiteElo "1882"]
[BlackElo "1524"]
[PlyCount "45"]
[EventDate "2009.??.??"]
[SourceDate "2009.01.13"]

1. c4 e5 2. Nc3 Nf6 3. g3 c6 4. Bg2 Bb4 5. a3 Bxc3 6. bxc3 O-O 7. d3 Re8 8. Qc2
Na6 9. Bg5 h6 10. Bxf6 Qxf6 11. Nf3 Nc7 12. O-O d6 13. Rab1 Rb8 14. Nd2 d5 15.
cxd5 cxd5 16. c4 Be6 17. Qa4 a6 18. Qa5 Qd8 19. Rfd1 Qd7 20. a4 Rbd8 21. c5 Bh3
$4 22. Bxh3 Qxh3 23. Qxc7 1-0

[Event "6. Bayer Open"]
[Site "Leverkusen"]
[Date "2009.04.20"]
[Round "7"]
[White "Balduan, Karl-Heinz"]
[Black "Schillings, Peter"]
[Result "0-1"]
[WhiteElo "1464"]
[BlackElo "1836"]
[PlyCount "108"]
[EventDate "2009.??.??"]
[SourceDate "2009.01.13"]

1. d4 Nf6 2. Nf3 b6 3. Bg5 Bb7 4. Bxf6 gxf6 5. d5 e6 6. c4 f5 7. Nc3 Qf6 8. Qd3
Na6 9. Qd4 Qxd4 10. Nxd4 Bb4 11. Kd2 Nc5 12. f3 Na4 13. Kc2 Bxc3 14. bxc3 exd5
15. Nb5 Kd8 16. e3 Re8 17. Re1 Nc5 18. Bd3 Nxd3 19. Kxd3 dxc4+ 20. Kc2 Re5 21.
Na3 Ra5 22. Nxc4 Rxa2+ 23. Kc1 Rxg2 24. Reg1 Bxf3 25. Ne5 Rxg1+ 26. Rxg1 Be4
27. Rg7 Ke7 28. Rxh7 Bd5 29. Ng6+ Kf6 30. Nf4 Be6 31. h4 a5 32. h5 a4 33. h6 a3
34. Kb1 a2+ 35. Ka1 Rg8 36. Nh5+ Kg6 37. Rg7+ Rxg7 38. hxg7 f6 39. Nf4+ Kxg7
40. Nd3 Kh6 41. Nb2 Kg5 42. c4 f4 43. exf4+ Kxf4 44. Kxa2 b5 45. Ka3 bxc4 46.
Kb4 Ke4 47. Kc3 d5 48. Na4 d4+ 49. Kb4 c3 50. Nc5+ Ke3 51. Nxe6 c2 52. Nxc7
c1=Q 53. Nd5+ Kd3 54. Nf4+ Qxf4 0-1

[Event "6. Bayer Open"]
[Site "Leverkusen"]
[Date "2009.04.20"]
[Round "7"]
[White "Wulfken, Christof"]
[Black "Liebsch, Ulrich"]
[Result "1-0"]
[WhiteElo "1893"]
[BlackElo "1778"]
[PlyCount "127"]
[EventDate "2009.??.??"]
[SourceDate "2009.01.13"]

1. d4 Nf6 2. Nf3 d5 3. c4 e6 4. Bg5 Be7 5. e3 h6 6. Bh4 b6 7. Be2 Bb7 8. O-O
O-O 9. Nbd2 Nbd7 10. Rc1 dxc4 11. Nxc4 Nd5 12. Bxe7 Qxe7 13. Nce5 Nxe5 14. Nxe5
Qd6 15. Qa4 Ne7 16. Rfd1 Rfc8 17. Bf3 Bxf3 18. Nxf3 f6 {
Schwarz bietet Remis an.} 19. Nd2 c6 20. Ne4 Qd7 21. Qa3 Rd8 22. f3 Rac8 23.
Nf2 Nd5 24. g3 Qe7 25. Qxe7 Nxe7 26. Nd3 Kf7 27. Kf2 a5 28. b3 Rd7 29. Nb2 b5
30. Rc5 Rd5 31. e4 Rd7 32. Ke3 Rcd8 33. f4 f5 34. a4 Rb8 35. axb5 cxb5 36. Nd3
Kf6 37. Ne5 Ra7 38. g4 fxe4 39. Kxe4 g6 40. g5+ hxg5 41. fxg5+ Kg7 42. Rf1 a4
43. bxa4 bxa4 44. Rf7+ Kg8 45. Rxe7 Rxe7 46. Nc6 Reb7 47. Nxb8 Rxb8 48. Ra5 Rb4
49. Ke5 Rc4 50. Ra8+ Kf7 51. Ra7+ Kg8 52. h4 Rb4 53. Kf6 Rxd4 54. Kxg6 Kf8 55.
h5 e5 56. Kf6 Rf4+ 57. Kxe5 Rg4 58. Kf5 Rb4 59. g6 Rb5+ 60. Kf6 Rb6+ 61. Kg5
Rb5+ 62. Kh6 Rb4 63. Kh7 Rb5 64. g7+ 1-0

[Event "6. Bayer Open"]
[Site "Leverkusen"]
[Date "2009.04.20"]
[Round "7"]
[White "Remmler, Dirk"]
[Black "Scharff, Klaus"]
[Result "1-0"]
[WhiteElo "1747"]
[BlackElo "1863"]
[PlyCount "89"]
[EventDate "2009.??.??"]
[SourceDate "2009.01.13"]

1. e4 e6 2. d3 d6 3. Nf3 Ne7 4. Nbd2 Nd7 5. c3 h6 6. h4 b6 7. d4 Bb7 8. Bd3 g6
9. Qe2 Bg7 10. Rh3 e5 11. Nb3 a5 12. a4 Bc8 13. Rg3 Nf6 14. dxe5 Nh5 15. exd6
Qxd6 16. e5 Qd8 17. Nfd4 Nxg3 18. fxg3 O-O 19. Bd2 c5 20. Nb5 Be6 21. c4 Nc6
22. Bc3 h5 23. Nd2 Bg4 24. Nf3 Qe7 25. Be4 Rac8 26. Bxc6 Rxc6 27. O-O-O Rcc8
28. Rd6 Rcd8 29. Rxb6 Bf5 30. Nd6 Rxd6 31. Rxd6 Re8 32. Qf2 Qb7 33. Rd5 Qb3 34.
Qe2 Qxa4 35. Kd2 f6 36. Ke1 Bg4 37. Rxc5 fxe5 38. Qe4 Qa1+ 39. Kf2 Bf5 40. Qd5+
Kh8 41. Rxa5 Qc1 42. Ra8 Rxa8 43. Qxa8+ Kh7 44. Ng5+ Kh6 45. Qg8 1-0

[Event "6. Bayer Open"]
[Site "Leverkusen"]
[Date "2009.04.20"]
[Round "7"]
[White "Jakobi, Reik"]
[Black "Granz, Thomas"]
[Result "1/2-1/2"]
[WhiteElo "1634"]
[BlackElo "1651"]
[PlyCount "32"]
[EventDate "2009.??.??"]
[SourceDate "2009.01.13"]

1. c4 e5 2. Nc3 Nc6 3. Nf3 Bc5 4. Ne4 Be7 5. d3 f5 6. Nc3 Nf6 7. Bg5 h6 8. Bxf6
Bxf6 9. Qc2 d6 10. Nd5 Be6 11. e3 g5 12. Be2 Bg7 13. h3 Qd7 14. Nd2 Qf7 15. Bf3
h5 16. g3 O-O-O 1/2-1/2

[Event "6. Bayer Open"]
[Site "Leverkusen"]
[Date "2009.04.20"]
[Round "7"]
[White "Jiritschka, Wolfgang"]
[Black "Baier, Uwe"]
[Result "0-1"]
[WhiteElo "1847"]
[BlackElo "1719"]
[PlyCount "32"]
[EventDate "2009.??.??"]
[SourceDate "2009.01.13"]

1. c4 e5 2. Nc3 d6 3. g3 Be7 4. Bg2 c6 5. d4 f5 6. e4 Qb6 7. Nf3 fxe4 8. Nxe4
Qb4+ 9. Qd2 Qxc4 10. b3 Qb5 11. Nc3 Qa5 12. dxe5 dxe5 13. O-O Nh6 14. Re1 Nf7
15. Bb2 O-O 16. Nd5 $4 Qxd5 0-1

[Event "6. Bayer Open"]
[Site "Leverkusen"]
[Date "2009.04.20"]
[Round "7"]
[White "van Kempen, Susanne"]
[Black "Böhm, Stefan"]
[Result "0-1"]
[WhiteElo "1612"]
[BlackElo "1976"]
[PlyCount "42"]
[EventDate "2009.??.??"]
[SourceDate "2009.01.13"]

1. e4 c5 2. c3 Nf6 3. e5 Nd5 4. d4 cxd4 5. cxd4 d6 6. Qb3 e6 7. Nf3 Be7 8. Be2
O-O 9. O-O Nc6 10. Bd2 Qb6 11. Qxb6 Nxb6 12. Nc3 Rd8 13. Rad1 a6 14. a3 Bd7 15.
Be3 d5 16. Nd2 Rdc8 17. Rc1 Rc7 18. f4 Rac8 19. Nf3 Na5 20. Nd2 Bxa3 21. bxa3
Rxc3 0-1

[Event "6. Bayer Open"]
[Site "Leverkusen"]
[Date "2009.04.20"]
[Round "7"]
[White "Gnass, Arno"]
[Black "Müller, Tim"]
[Result "0-1"]
[WhiteElo "1685"]
[BlackElo "1609"]
[PlyCount "52"]
[EventDate "2009.??.??"]
[SourceDate "2009.01.13"]

1. d4 d5 2. c4 e6 3. Nf3 Nf6 4. e3 c5 5. cxd5 Nxd5 6. Nc3 Nc6 7. Bb5 a6 8.
Bxc6+ bxc6 9. Qa4 Bd7 10. Ne5 Nb6 11. Qd1 Be7 12. Qf3 O-O 13. dxc5 Bxc5 14.
Nxc6 Qc7 15. Nd4 Bb4 16. Bd2 Nc4 17. a3 Nxd2 18. Kxd2 Bxc3+ 19. bxc3 Rfd8 20.
Kc2 Ba4+ 21. Nb3 Qc4 22. Rab1 Rac8 23. e4 Rb8 24. Rhd1 Bxb3+ 25. Kc1 Bxd1 26.
Rxb8 Rxb8 0-1

[Event "6. Bayer Open"]
[Site "Leverkusen"]
[Date "2009.04.20"]
[Round "7"]
[White "Karwatzki, Hans-Jürgen"]
[Black "Fröhling, Ewald"]
[Result "1-0"]
[WhiteElo "1674"]
[BlackElo "1607"]
[PlyCount "41"]
[EventDate "2009.??.??"]
[SourceDate "2009.01.13"]

1. e4 d5 2. exd5 Qxd5 3. Nc3 Qa5 4. d4 c6 5. Bd2 Qc7 6. Nf3 Bf5 7. Bc4 Nf6 8.
O-O e6 9. Re1 Be7 10. Ne5 O-O 11. Bg5 h6 12. Bf4 Bd6 13. Qd2 Ng4 14. h3 Nxe5
15. dxe5 Bb4 16. Rad1 Qa5 17. Bxh6 gxh6 18. Qxh6 Qc7 19. Re3 Qe7 20. Ne4 Bxe4
21. Rxe4 1-0

[Event "6. Bayer Open"]
[Site "Leverkusen"]
[Date "2009.04.20"]
[Round "7"]
[White "Neumann, Thomas"]
[Black "Ohst, Thomas"]
[Result "1/2-1/2"]
[WhiteElo "1567"]
[BlackElo "1684"]
[PlyCount "100"]
[EventDate "2009.??.??"]
[SourceDate "2009.01.13"]

1. e4 c5 2. Nf3 a6 3. d4 cxd4 4. Nxd4 e5 5. Nb3 Nf6 6. Bg5 Bb4+ 7. c3 Be7 8.
Be2 Nxe4 9. Bxe7 Qxe7 10. Bf3 Ng5 11. O-O Nxf3+ 12. Qxf3 O-O 13. Re1 Nc6 14.
N1d2 b6 15. Nc4 Rb8 16. Rad1 Bb7 17. Nxb6 d6 18. Qf5 Rfd8 19. Re3 g6 20. Rg3
Kh8 21. Qd3 f5 22. Nd5 Qf7 23. f4 e4 24. Qd2 Re8 25. c4 Rbd8 26. Rh3 Qg7 27.
Qf2 Re6 28. Rg3 a5 29. Ne3 Qf7 30. Nd5 {Weiß bietet Remis an.} Rb8 31. Qd2 a4
32. Nd4 Nxd4 33. Qxd4+ Qg7 34. Re3 Qxd4 35. Rxd4 Bc6 36. b3 axb3 37. axb3 Kg7
38. Rc3 Bxd5 39. Rxd5 e3 40. Rd1 Ra8 41. Re1 Rae8 42. g3 Kf6 43. Kg2 g5 44.
fxg5+ Kxg5 45. Kf3 e2 46. Kf2 Kg4 47. Rc2 Re3 48. Rcxe2 Rf3+ 49. Kg2 Rxe2+ 50.
Rxe2 Rxb3 1/2-1/2

[Event "6. Bayer Open"]
[Site "Leverkusen"]
[Date "2009.04.20"]
[Round "7"]
[White "Kayser, Manfred"]
[Black "Mummel, Christian"]
[Result "0-1"]
[WhiteElo "1314"]
[BlackElo "1793"]
[PlyCount "62"]
[EventDate "2009.??.??"]
[SourceDate "2009.01.13"]

1. d4 c5 2. c3 g6 3. Nf3 Bg7 4. g3 cxd4 5. cxd4 Nf6 6. Nc3 O-O 7. Bg2 d5 8. O-O
Nc6 9. a3 Bf5 10. Nh4 Be6 11. Nf3 Rc8 12. e3 Qb6 13. Na4 Qc7 14. Nc5 Bg4 15.
Qb3 b6 16. Nd3 Na5 17. Qd1 Ne4 18. Bd2 Nxd2 19. Qxd2 Nb3 20. Qd1 Nxa1 21. Qxa1
Bxf3 22. Bxf3 e6 23. Bg2 Qc4 24. Nb4 a5 25. Na2 b5 26. Rc1 Qb3 27. Nc3 b4 28.
axb4 axb4 29. Ne2 Rc2 30. Bf1 Qxb2 31. Qa6 Rxc1 0-1

[Event "6. Bayer Open"]
[Site "Leverkusen"]
[Date "2009.04.20"]
[Round "7"]
[White "Runte, Dirk"]
[Black "van Hove, Ode"]
[Result "1-0"]
[WhiteElo "1610"]
[BlackElo "1308"]
[PlyCount "83"]
[EventDate "2009.??.??"]
[SourceDate "2009.01.13"]

1. d4 Nf6 2. c4 e5 3. dxe5 Ne4 4. Nf3 Bb4+ 5. Nbd2 d6 6. e3 Nc6 7. a3 Bxd2+ 8.
Nxd2 Nxd2 9. Qxd2 Nxe5 10. Be2 Qg5 11. O-O Bh3 12. Qd5 c6 13. f4 cxd5 14. fxg5
Bd7 15. cxd5 Rc8 16. e4 Rc2 17. Bf3 O-O 18. Bd1 Rc7 19. Bf4 a5 20. Bf3 Rfc8 21.
Bxe5 dxe5 22. b4 a4 23. Rfd1 Rc3 24. d6 R3c4 25. Rd5 f6 26. gxf6 gxf6 27. Ra5
Rd4 28. Ra7 Rxd6 29. Rxb7 Rd4 30. Rxd7 Rxd7 31. Bg4 Rcd8 32. Bxd7 Rxd7 33. b5
Rb7 34. Rb1 Kg7 35. b6 Kg6 36. Kf2 Kg5 37. Kg3 h5 38. Kf3 f5 39. exf5 Kxf5 40.
h3 e4+ 41. Ke3 h4 42. Rb5+ 1-0

[Event "6. Bayer Open"]
[Site "Leverkusen"]
[Date "2009.04.20"]
[Round "7"]
[White "Seelig, Jochen"]
[Black "Teuber, Alfons"]
[Result "1-0"]
[WhiteElo "1392"]
[BlackElo "1108"]
[PlyCount "107"]
[EventDate "2009.??.??"]
[SourceDate "2009.01.13"]

1. Nf3 d5 2. b3 Bg4 3. e3 a6 4. Bb2 Nc6 5. Be2 e6 6. d4 Nf6 7. Ne5 Bf5 8. Nxc6
bxc6 9. Ba3 Bxa3 10. Nxa3 Qd6 11. Qc1 a5 12. c3 O-O 13. Bf3 Bg4 14. Bxg4 Nxg4
15. h3 Nf6 16. O-O Ne4 17. Nb1 e5 18. f4 exd4 19. exd4 c5 20. Qe3 Rfe8 21. Re1
Nf6 22. Qf2 Rxe1+ 23. Qxe1 Qxf4 24. dxc5 c6 25. Nd2 Re8 26. Qf2 Qe3 27. Qxe3
Rxe3 28. c4 d4 29. a3 Ne4 30. Nxe4 Rxe4 31. Kf2 f5 32. Re1 d3 33. Rd1 Re2+ 34.
Kf3 Re5 35. b4 axb4 36. axb4 Re4 37. b5 Rxc4 38. b6 Rxc5 39. Rb1 d2 40. Ke2 Rd5
41. b7 d1=Q+ 42. Rxd1 Rb5 43. Rd8+ Kf7 44. b8=Q Rxb8 45. Rxb8 Ke7 46. Rb7+ Kf6
47. Kf3 h5 48. Rc7 g5 49. g4 fxg4+ 50. hxg4 h4 51. Rxc6+ Ke5 52. Rg6 h3 53.
Rxg5+ Kf6 54. Rh5 1-0

[Event "6. Bayer Open"]
[Site "Leverkusen"]
[Date "2009.04.20"]
[Round "7"]
[White "von Oppenkowski, Roman"]
[Black "Buchfelder, Gerhard"]
[Result "1/2-1/2"]
[WhiteElo "1365"]
[BlackElo "1455"]
[PlyCount "43"]
[EventDate "2009.??.??"]
[SourceDate "2009.01.13"]

1. e4 e5 2. Nf3 Nc6 3. Bc4 d6 4. d3 Be7 5. Be3 Bg4 6. Nbd2 Nf6 7. O-O O-O 8. c3
h6 9. a3 d5 10. exd5 Nxd5 11. Qe2 Nf6 12. Rad1 Bd6 13. Ne4 Nxe4 14. dxe4 Qf6
15. h3 Bxf3 16. Qxf3 Qxf3 17. gxf3 Kh7 18. b4 a6 19. Bd5 Rab8 20. c4 Nd8 21. c5
Be7 22. Bb3 1/2-1/2

[Event "6. Bayer Open"]
[Site "Leverkusen"]
[Date "2009.04.20"]
[Round "7"]
[White "Hoeper, Heinz-Joachim"]
[Black "Kinnert, Reinhard"]
[Result "0-1"]
[WhiteElo "1402"]
[BlackElo "1579"]
[PlyCount "76"]
[EventDate "2009.??.??"]
[SourceDate "2009.01.13"]

1. d4 g6 2. c4 Bg7 3. Nf3 Nf6 4. Nc3 c6 5. e4 d6 6. h3 Nbd7 7. Bg5 Qa5 8. Bd3
O-O 9. O-O Re8 10. Qd2 e5 11. a3 exd4 12. Nxd4 Ne5 13. b4 Qb6 14. Be3 Qc7 15.
Be2 b6 16. Rac1 a6 17. f4 Ned7 18. Bf3 Bb7 19. g4 c5 20. bxc5 dxc5 21. Nd5 Nxd5
22. cxd5 Nf6 23. d6 Qd7 24. e5 Ne4 25. Qb2 Nxd6 26. Nc6 Rac8 27. e6 Rxe6 28.
Ne5 Bxe5 29. fxe5 Bxf3 30. Rxf3 Rce8 31. Bh6 Nb5 32. Qb3 Qd4+ 33. Rf2 Qxe5 34.
Bf4 Qe4 35. Qb2 Qd4 36. Qc2 Re1+ 37. Rxe1 Rxe1+ 38. Kg2 Qd5+ 0-1